[Event "GRE-ch U12"]
[Site "Patras"]
[Date "2013.07.09"]
[Round "2.13"]
[White "Stefanatos, Gerasimos"]
[Black "Kounouvelis, Mihail"]
[Result "1-0"]
[WhiteElo "1502"]
[BlackElo "1301"]
[PlyCount "43"]
[EventDate "2013.07.08"]
[EventType "swiss"]
[EventRounds "9"]
[EventCountry "GRE"]
[SourceTitle "EXT 2024"]
[Source "ChessBase"]
[SourceDate "2023.10.10"]
[SourceVersion "1"]
[SourceVersionDate "2023.10.10"]
[SourceQuality "1"]

1. e4 e5 2. Nf3 Nc6 3. Nc3 d6 4. d4 exd4 5. Nxd4 Nxd4 6. Qxd4 Ne7 7. Bf4 Nc6 8. Qe3 Be7 9. 0-0-0 0-0 10. e5 Re8 11. Qf3 a6 12. Ne4 f5 13. Ng3 g5 14. exd6 gxf4 15. dxe7 Qxe7 16. Qxf4 Qf6 17. Bc4+ Kh8 18. Rhe1 Rxe1 19. Rxe1 Bd7 20. Qd2 Rd8 21. Nh5 Qg6 22. Qc3+ 1-0

[Event "GRE-ch U12"]
[Site "Rio Achaia"]
[Date "2012.06.26"]
[Round "4.3"]
[White "Stefanatos, Gerasimos"]
[Black "Kokkalis, Haralabos"]
[Result "0-1"]
[WhiteElo "1437"]
[BlackElo "1698"]
[PlyCount "56"]
[EventDate "2012.06.24"]
[EventType "swiss"]
[EventRounds "7"]
[EventCountry "GRE"]
[SourceTitle "EXT 2024"]
[Source "ChessBase"]
[SourceDate "2023.10.10"]
[SourceVersion "1"]
[SourceVersionDate "2023.10.10"]
[SourceQuality "1"]

1. d4 Nf6 2. Nf3 g6 3. Bf4 Bg7 4. c4 0-0 5. Nc3 d6 6. h3 Nbd7 7. e3 a6 8. Be2 Qe8 9. 0-0 e5 10. Bh2 Qe7 11. b4 b6 12. c5 Bb7 13. Qc2 Rac8 14. Rfd1 exd4 15. exd4 dxc5 16. bxc5 bxc5 17. Rab1 Nb6 18. a4 cxd4 19. Nxd4 a5 20. Rb5 Ne4 21. Nxe4 Bxe4 22. Qc5 Qxc5 23. Rxc5 Nxa4 24. Rxa5 Nc3 25. Rd2 Bxd4 26. Ba6 Rcd8 27. Bxc7 Rd7 28. Be5 Rfd8 0-1